Re:Viewing Egypt: (Record no. 6553)
[ view plain ]
| 000 -LEADER | |
|---|---|
| fixed length control field | 01020nam a2200169Ia 4500 |
| 001 - CONTROL NUMBER | |
| control field | 6553 |
| 008 - FIXED-LENGTH DATA ELEMENTS--GENERAL INFORMATION | |
| fixed length control field | 260430s9999 xx 000 0 und d |
| 020 ## - INTERNATIONAL STANDARD BOOK NUMBER | |
| International Standard Book Number | 9781906598648 |
| 245 #0 - TITLE STATEMENT | |
| Title | Re:Viewing Egypt: |
| Remainder of title | Image and Echo/ |
| Statement of responsibility, etc. | Photographs: Xavier Roy, Text: Gamal Al-Ghitani |
| 260 ## - PUBLICATION, DISTRIBUTION, ETC. | |
| Place of publication, distribution, etc. | London; |
| Name of publisher, distributor, etc. | Haus Publishing Limited; |
| Date of publication, distribution, etc. | 2010 |
| 300 ## - PHYSICAL DESCRIPTION | |
| Extent | 147p; |
| Dimensions | 25x23cm |
| 520 ## - SUMMARY, ETC. | |
| Summary, etc. | This book is a photographic exploration of Egypt by Xavier Roy, presenting a visually rich interpretation of the country’s landscapes, people, and cultural textures. The images emphasize themes such as light, repetition, and symbolism, encouraging viewers to interpret photography as metaphor rather than mere documentation. Accompanied by a reflective introduction by Gamal Al-Ghitani, the work blends visual art with literary insight, offering both an aesthetic and contemplative engagement with Egyptian identity and everyday life |
| 546 ## - LANGUAGE NOTE | |
| Language note | English |
| 650 ## - SUBJECT ADDED ENTRY--TOPICAL TERM | |
| Topical term or geographic name entry element | TR624-835 Technology- Applied Photography |
| 651 ## - SUBJECT ADDED ENTRY--GEOGRAPHIC NAME | |
| Geographic name | Egypt |
| 942 ## - ADDED ENTRY ELEMENTS (KOHA) | |
| Koha item type | Book |
| Withdrawn status | Lost status | Damaged status | Not for loan | Collection | Home library | Current library | Date acquired | Total Checkouts | Full call number | Barcode | Date last seen | Price effective from | Koha item type |
|---|---|---|---|---|---|---|---|---|---|---|---|---|---|
| Technology- Photography, Cinematography, Electronic Media | SAF Reference Library | Photography Gallery | 04/27/2026 | TR624-835 52.348 | 6553 | 04/30/2026 | 04/30/2026 | Book |